000 00695nam a2200181Ia 4500
008 170419s9999 xx 000 0 und d
100 _aBurkert, Michael.
245 4 _aThe relationship between lack of controllability and proactive work behaviour: an empirical analysis of competing theoretical explanations
245 _cMichael Burkert, Franz Michael Fischer, Florian Hoos & Karl Schuhmacher.
260 _bRoutledge: Taylor & Francis Group
260 _c2016
300 _aFebruary
440 _aAccounting and Business Research
_v47:2
650 _aCONTROLLABILITY PRINCIPLE
650 _aMANAGEMENT CONTROL SYSTEM
650 _aPROACTIVE WORK BEHAVIOR
650 _aROLE THEORY
999 _c329463
_d329463